Upward bound : (Record no. 1948)

MARC details
000 -LEADER
fixed length control field 02615cam a22004578i 4500
001 - CONTROL NUMBER
control field 1948
003 - CONTROL NUMBER IDENTIFIER
control field OCoLC
005 - DATE AND TIME OF LATEST TRANSACTION
control field 20260413162019.0
007 - PHYSICAL DESCRIPTION FIXED FIELD--GENERAL INFORMATION
fixed length control field ta
008 - FIXED-LENGTH DATA ELEMENTS--GENERAL INFORMATION
fixed length control field 250730s2026 enk e 000 1 eng
010 ## - LIBRARY OF CONGRESS CONTROL NUMBER
LC control number 2025028576
040 ## - CATALOGING SOURCE
Original cataloging agency DLC
Language of cataloging eng
Description conventions rda
Transcribing agency DLC
Modifying agency OCLCO
-- LIV
-- IG#
-- ZGW
-- ZGR
-- RNL
-- IMT
-- MLSOD
-- ZGR
-- OCLCO
-- VPW
020 ## - INTERNATIONAL STANDARD BOOK NUMBER
International Standard Book Number 9780593979976
Qualifying information (hardcover
-- acid-free paper) :
Terms of availability $28.00
020 ## - INTERNATIONAL STANDARD BOOK NUMBER
International Standard Book Number 0593979974
Qualifying information (hardcover
-- acid-free paper)
020 ## - INTERNATIONAL STANDARD BOOK NUMBER
Canceled/invalid ISBN 9780593979983
Qualifying information (ebook)
035 ## - SYSTEM CONTROL NUMBER
System control number (OCoLC)1530055225
042 ## - AUTHENTICATION CODE
Authentication code pcc
050 00 - LIBRARY OF CONGRESS CALL NUMBER
Classification number PS3602.R725
Item number U69 2026
082 04 - DEWEY DECIMAL CLASSIFICATION NUMBER
Classification number [Fic]
Edition information 23
082 04 - DEWEY DECIMAL CLASSIFICATION NUMBER
Classification number 813/.6
Edition information 23/eng/20260331
092 ## - LOCALLY ASSIGNED DEWEY CALL NUMBER (OCLC)
Classification number Fic
Item number Brown
049 ## - LOCAL HOLDINGS (OCLC)
Holding library VPW1
100 1# - MAIN ENTRY--PERSONAL NAME
Personal name Brown, Woody,
Relator term author.
245 10 - TITLE STATEMENT
Title Upward bound :
Remainder of title a novel /
Statement of responsibility, etc. Woody Brown.
250 ## - EDITION STATEMENT
Edition statement First edition.
264 #1 - PRODUCTION, PUBLICATION, DISTRIBUTION, MANUFACTURE, AND COPYRIGHT NOTICE
Place of production, publication, distribution, manufacture London ;
-- New York :
Name of producer, publisher, distributor, manufacturer Hogarth,
Date of production, publication, distribution, manufacture, or copyright notice [2026]
300 ## - PHYSICAL DESCRIPTION
Extent 189 pages ;
Dimensions 22 cm
334 ## - MODE OF ISSUANCE
Mode of issuance term single unit
Mode of issuance code mono
Authority record control number or standard number http://id.loc.gov/vocabulary/issuance/mono
336 ## - CONTENT TYPE
Content type term text
Content type code txt
Source rdacontent
Authority record control number or standard number http://id.loc.gov/vocabulary/contentTypes/txt
337 ## - MEDIA TYPE
Media type term unmediated
Media type code n
Source rdamedia
Authority record control number or standard number http://id.loc.gov/vocabulary/mediaTypes/n
338 ## - CARRIER TYPE
Carrier type term volume
Carrier type code nc
Source rdacarrier
Authority record control number or standard number http://id.loc.gov/vocabulary/carriers/nc
500 ## - GENERAL NOTE
General note "Read with Jenna"--Cover.
520 ## - SUMMARY, ETC.
Summary, etc. "Upward Bound is not a place anyone dreams of spending their days. The dreary adult daycare center for Los Angeles's disabled community is, for many of its clients and staff, a place of last resort. This includes Carlos, a young aide who lost his mother as a boy and now works there alongside his beloved sister Delia; Jorge, the gentle nonverbal giant whom Carlos seeks to befriend (and prevent from escaping); Tom, a beautiful young man with cerebral palsy, who pines for Ann, the summer lifeguard at the center's pool who feels out of her depth; then there's Mike, Upward Bound's director who came to L.A. to pursue an acting career but now channels his passion into staging an impressive holiday show starring the center's sorely underestimated clients. Framing these interlocking narratives--and connecting them in surprising, shattering ways--is the riveting and sometimes ironic testimony of Walter, a recent community college graduate who, after a family tragedy, must return to the company of his disabled peers"--
Assigning source Provided by publisher.
650 #0 - SUBJECT ADDED ENTRY--TOPICAL TERM
Topical term or geographic name entry element People with disabilities
Form subdivision Fiction.
650 #0 - SUBJECT ADDED ENTRY--TOPICAL TERM
Topical term or geographic name entry element Adult day care centers
Form subdivision Fiction.
650 #0 - SUBJECT ADDED ENTRY--TOPICAL TERM
Topical term or geographic name entry element Interpersonal relations
Form subdivision Fiction.
655 #7 - INDEX TERM--GENRE/FORM
Genre/form data or focus term Psychological fiction.
Source of term lcgft
655 #7 - INDEX TERM--GENRE/FORM
Genre/form data or focus term Fiction.
Source of term lcgft
655 #7 - INDEX TERM--GENRE/FORM
Genre/form data or focus term Novels.
Source of term lcgft
910 ## - USER-OPTION DATA (OCLC)
User-option data n26/4 cr

No items available.